000 00711cam a2200253u 4500
999 _c330332
_d330332
001 6052844
003 NUST
005 20180719072429.0
008 820317s1954 enka 000 0 eng
010 _a 55018078
020 _a9780007154906
_cRs. 200
038 _aArshad
040 _aDLC
_cCarP
_dDLC
050 0 0 _aPZ3.C4637
_bDes
_aPR6005.H66
082 0 0 _a823.912
_bCHR
100 1 _aChristie, Agatha,
_d1890-1976.
_92976
245 1 0 _aDestination unknown.
260 _aLondon,
_bPublished by Collins
_c1954
300 _a316 p.
_billus.
_c19 cm.
655 7 _aDetective and mystery stories.
_2gsafd
_92977
906 _a0
_bcbc
_cpremunv
_du
_encip
_f19
_gy-gencatlg
942 _2ddc
_cBK